000
00490nam a2200133Ia 4500
008
100328s9999 xx 000 0 und d
082
_b
13651
100
_a
कानडे मु.श्री
245
_a
मराठी रंगभूमिचा उष:काल
260
_b
चिमण्या गणपती
630
_a
मराठी रंगभूमिचा उष:काल
730
_a
मराठी रंगभूमिचा उष:काल
942
_c
BOOK
999
_c
508704
_d
508701